Statistics for Avengers: Infinity War Quotes

Click here to take the quiz!

General Stats

  • This quiz has been taken 17 times
  • The average score is 13 of 18

Answer Stats

QuoteAnswer% Correct
Mr Stark... I don't feel so goodSpider-Man
100%
You should have gone for the head!Thanos
100%
Kid, you're an Avenger nowIron Man
100%
Get this man a shieldBlack Panther
93%
I'll do you one better! WHY is Gamora?!?!Drax
86%
You're eating a Zarg-nutStar Lord | Quill
79%
Kick names, take ass!Mantis
79%
I hated this roomGamora
79%
Thanos is coming!Hulk | Bruce Banner
79%
We're in the endgame nowDoctor Strange
79%
That was really grossBlack Widow
71%
A soul... for a soulRed Skull
71%
You guys... really look like crapWar Machine | Rhodey
57%
Why was she up there all this time?Okoye
50%
Like your friend, you're gonna die aloneProxima Midnight
43%
I could go for a tuna meltWong
36%
Your powers are inconsequential compared to mineEbony Maw
29%
That's what killing you meansEitri
29%

Score Distribution

Percentile by Number Answered

Percent of People with Each Score

Your Score History

You have not taken this quiz